Zamestnanecké výhody ako faktor plnenia všeobecných cieľov riadenia ľudí diplomová práca

Enregistré dans:
Détails bibliographiques
Auteur principal: Surovčíková, Lucia
Collectivité auteur: Fakulta podnikového manažmentu EU. Katedra manažmentu
Autres auteurs: Gálik, Rudolf
Format: Livre
Langue:slovaque
Publié: Bratislava 2015
Tags: Ajouter un tag
Pas de tags, Soyez le premier à ajouter un tag!

MARC

LEADER 00000nbm a2200000 4500
001 0201249
005 20161213134322.1
041 0 |a slo 
044 |a SK 
245 1 0 |a Zamestnanecké výhody ako faktor plnenia všeobecných cieľov riadenia ľudí  |b diplomová práca  |c Lucia Surovčíková ; školiteľ: Rudolf Gálik 
264 1 |a Bratislava  |c 2015 
300 |a 61 s. 
100 1 |a Surovčíková, Lucia 
700 1 |a Gálik, Rudolf 
710 2 |a Fakulta podnikového manažmentu EU. Katedra manažmentu